000 00333nam a22001217a 4500
082 _a916.7 BUR
100 _aBurnett, D.S
245 _aA Revision Notebook of East African Geography
260 _aLondon
_bOxford University
_c1964
300 _a55pg
_bIll,;24cm
650 _aA Revision Notebook of East African Geography
942 _cBK
999 _c18198
_d18198